| 000 | 01261cam a22003491 4500 | ||
|---|---|---|---|
| 001 | 13419 | ||
| 003 | BD-RjUL | ||
| 005 | 20211208235442.0 | ||
| 008 | 140201t1968 ne ar 0 1 a0eng | ||
| 035 | _a(BD-RjUL)13470 | ||
| 040 |
_aDLC _cMnMULS _dPPiU _dN _dInU _dOCoLC _dN _dDLC _dNLGGC _dOCoLC _dHEBIS _dDEBBG _dGBVCP _dUKMGB _dBD-RjUL _beng |
||
| 041 | _aeng | ||
| 051 |
_aQC784 _b.P78 1965b _ccopy 2 |
||
| 070 | 0 |
_aTK9145 _b.P7 |
|
| 082 | 0 | 4 |
_216 _a621.48 _bPRO 1968 |
| 245 | 0 | 0 |
_aProgress in nuclear techniques and instrumentation / _cedited by F. J. M. Farley. |
| 260 |
_aAmsterdam ; _bNorth-Holland Pub. Co. ; _aNew York : _bInterscience Publishers., _c1968. |
||
| 300 |
_aV-3 (255 p.) : _bill. ; _c23 cm. |
||
| 500 | _aEditors: v. 1- F.J.M. Farley. | ||
| 504 | _aIncludes index. | ||
| 650 | 0 |
_aNuclear physics _xInstruments _941835 |
|
| 650 | 0 |
_aNuclear physics _xExperiments _vPeriodicals. _941836 |
|
| 650 | 1 | 7 |
_aKernfysica. _2gtt _928470 |
| 650 | 1 | 7 |
_aMeetinstrumenten. _2gtt _941837 |
| 700 | 1 |
_aFarley, Francis James MacDonald. _941838 |
|
| 776 | 0 | 8 |
_iOnline version: _tProgress in nuclear techniques and instrumentation _w(OCoLC)564825204 |
| 936 |
_aUnknown _av. 3 |
||
| 942 |
_2ddc _cBK |
||
| 999 |
_c13419 _d13419 |
||